[Event "Bronnoysund CC-ch"]
[Site "Bronnoysund"]
[Date "2011.??.??"]
[Round "4"]
[White "Hope, Lars"]
[Black "Lande, Steinar N"]
[Result "1/2-1/2"]
[WhiteElo "1098"]
[BlackElo "1300"]
[PlyCount "114"]
[EventDate "2011.03.01"]
[EventType "swiss"]
[EventRounds "7"]
[EventCountry "NOR"]
[SourceTitle "EXT 2024"]
[Source "ChessBase"]
[SourceDate "2023.10.10"]
[SourceVersion "1"]
[SourceVersionDate "2023.10.10"]
[SourceQuality "1"]

1. d4 d5 2. c4 e6 3. Nc3 Nf6 4. e3 Nbd7 5. cxd5 exd5 6. Bd3 c6 7. a3 Bd6 8. Nf3 Qe7 9. 0-0 Ne4 10. Qc2 f5 11. Bd2 0-0 12. Rae1 Qf6 13. Bc1 Re8 14. Ne2 Nf8 15. Ng3 Ng6 16. Nd2 Qh4 17. f4 Bd7 18. Nf3 Qf6 19. Ne5 Re7 20. Nxe4 fxe4 21. Be2 Rae8 22. Rf2 Qf8 23. Ref1 Bc8 24. Nxg6 hxg6 25. g4 Qf6 26. Qd1 Qh4 27. Bd2 c5 28. dxc5 Bxc5 29. Bc1 Rd8 30. b4 Bb6 31. Bc4 Kh8 32. Be2 d4 33. Qb3 d3 34. Bd1 Be6 35. Qb2 Red7 36. Bd2 Bxg4 37. Bxg4 Qxg4+ 38. Rg2 Qh3 39. Rg3 Qe6 40. Kh1 Rd6 41. Rfg1 Qf7 42. h4 Rc8 43. R3g2 Rc2 44. Qe5 Re6 45. Qb8+ Kh7 46. h5 Rxd2 47. hxg6+ Rxg6 48. Rxg6 Qxg6 49. Rxg6 Kxg6 50. Qd6+ Kh7 51. Qe5 Rd1+ 52. Kg2 Rd2+ 53. Kg3 Re2 54. Qh5+ Kg8 55. Qe8+ Kh7 56. Qh5+ Kg8 57. Qe8+ Kh7 1/2-1/2

[Event "Bronnoysund CC-ch"]
[Site "Bronnoysund"]
[Date "2011.??.??"]
[Round "6"]
[White "Hope, Lars"]
[Black "Nicolaisen, Odd"]
[Result "1-0"]
[WhiteElo "1098"]
[BlackElo "1320"]
[PlyCount "47"]
[EventDate "2011.03.01"]
[EventType "swiss"]
[EventRounds "7"]
[EventCountry "NOR"]
[SourceTitle "EXT 2024"]
[Source "ChessBase"]
[SourceDate "2023.10.10"]
[SourceVersion "1"]
[SourceVersionDate "2023.10.10"]
[SourceQuality "1"]

1. d4 b6 2. c4 Bb7 3. Nc3 Nf6 4. Qc2 e6 5. a3 Nc6 6. Nf3 d5 7. cxd5 Nxd5 8. e4 Nxc3 9. bxc3 Be7 10. Bd3 0-0 11. Be3 Rc8 12. e5 h6 13. h4 f5 14. exf6 Bxf6 15. Ng5 Bxg5 16. hxg5 Qd5 17. Be4 Qc4 18. gxh6 Nxd4 19. Bh7+ Kf7 20. Qg6+ Ke7 21. Bxd4 gxh6 22. Qg7+ Kd6 23. Rh4 Kc6 24. Be4+ 1-0

[Event "NOR-chB"]
[Site "Moss"]
[Date "2006.07.15"]
[Round "9"]
[White "Birkestrand, Trude"]
[Black "Hope, Lars"]
[Result "1-0"]
[WhiteElo "2005"]
[BlackElo "1047"]
[PlyCount "39"]
[EventDate "2006.07.08"]
[EventType "swiss"]
[EventRounds "9"]
[EventCountry "NOR"]
[SourceTitle "EXT 2007"]
[Source "ChessBase"]
[SourceDate "2006.11.23"]
[SourceVersion "1"]
[SourceVersionDate "2006.11.23"]
[SourceQuality "1"]

1. e4 d6 2. d4 g6 3. Nc3 Bg7 4. Be2 Nf6 5. f4 b6 6. Nf3 Bb7 7. Qd3 Nc6 8. a3 e6 9. 0-0 Nd7 10. f5 Qe7 11. fxe6 fxe6 12. Bg5 Bf6 13. Bxf6 Nxf6 14. d5 Ne5 15. Nxe5 dxe5 16. dxe6 Qxe6 17. Rad1 Nd7 18. Nb5 Qc6 19. Bg4 Nc5 20. Qf3 1-0